000 00873nam a2200265 a 4500
001 000036246
005 20200930075630.0
008 120111s1985 ru 000 0 spa d
040 _aDO-SdBNP
_bspa
_cBNPHU
082 _axxx
_bD634e
245 0 0 _aEconomía, organización y planificación de la producción agropecuaria /
_cV. Dobrini ... [et. al.] ; traducción O. Razinkov.
260 _aMoscú, Rusia :
_bProgreso,
_c1985.
300 _a474 p. ;
_c21 cm.
700 1 _aDobrinin, V.
_962334
700 1 _aDunaev, P. P.
_962335
701 1 _aGrómov, M. N.
700 1 _aBeliáev, A. V.
_962336
700 1 _aPetraniova, G. A.
_962337
700 1 _aAguírbov, Y. I.
_962338
700 1 _aRosliakov, N. F.
_962339
700 1 _aRománova, S. S.
_962340
700 1 _aZhihalin, M. M.
_962341
700 1 _aShishov, M. T.
_962342
700 1 _aRazinkov, O.,
_etr.
_962343
999 _c35737
_d35737